Europe - Fragile Countries - Statistics

General Stats
  • This quiz has been taken 421 times
    56 since last reset
  • The average score is 11 of 12
Answer Stats
Rank (Score) Country % Correct
#48 (81.6) High Warning Russia
100%
#97 (64.7) Moldova
96%
#91 (67.8) Serbia
96%
#22 (93.1) Alert Ukraine
96%
#77 (71) Elevated Warning Bosnia and Herzegovina
94%
#133 (49.4) Bulgaria
94%
#114 (58.1) North Macedonia
94%
#130 (51.0) Romania
92%
#85 (68.7) Warning Belarus
90%
#120 (55.9) Albania
88%
#118 (56.9) Less Stable Montenegro
86%
#121 (54.7) Greece
82%
No matching quizzes found
Score Distribution
Percent of People with Each Score
Percentile by Number Answered
Your Score History
You have not taken this quiz since the last reset